Šialená záhrada

Bibliographic Details
Main Author: Grabiński, Stefan, 1887-1936 (Author)
Other Authors: Horváth, Tomáš, 1971- (Translator)
Format: Book
Language:Slovak
Polish
PhysicalDescription:182 s. 22 cm
Published: Bratislava Europa 2010
ISBN:9788089111640
Edition:1. vyd.
Series:Renfield
Subjects:

MARC

LEADER 00000cam a2200000 a 4500
001 vtls010122694
003 SK-MaSNL
005 20260302044820.0
008 240314s2010 xo g 000 j slo
015 |a SNBA2011/04-02214 
020 |a 9788089111640  |q (viaz.) 
035 |a FCF8899A-9015-4206-A45E-E9C786A1E59A 
035 |a urn:nbn:sk:snk-amjg7n 
035 |a urn:nbn:sk:snk-am001s7g 
040 |a SNK  |b slo  |c SNK  |e AACR2 
041 1 |a slo  |h pol 
044 |a xo  |c SK 
072 7 |a 821.162.1  |x Poľská literatúra  |2 konspekt 
080 |a 821.162.1-32  |2 2001 
080 |a (0:82-322.4)  |2 2001 
100 1 |a Grabiński, Stefan,  |d 1887-1936  |4 aut  |9 115091 
240 1 0 |a Niesamowite opowieści  |l Slovensky 
245 1 0 |a Šialená záhrada  |c Stefan Grabiński ; z poľských originálov Niesamowite opowieści ... vybral a preložil Tomáš Horváth 
246 1 |i Obálkový podnázov:  |a Mysteriózne hororové poviedky 
250 |a 1. vyd. 
260 |a Bratislava  |b Europa  |c 2010 
300 |a 182 s.  |c 22 cm 
490 1 |a Renfield  |v 3 zv. 
655 7 |a poľské poviedky  |2 SNKPH  |9 70788 
655 7 |a horory (poviedky)  |2 SNKPH  |9 243186 
655 7 |a Polish stories  |2 SNKPHeng  |9 302619 
655 7 |a Horror tales  |2 SNKPHeng  |9 320043 
700 1 |a Horváth, Tomáš,  |d 1971-  |4 trl  |9 103763 
830 0 |a Renfield  |9 325389 
852 |a Slovenská národná knižnica 
919 |a 978-80-89111-64-0 
954 |a beletria cudzojazyčná (svetová)  |2 lita 
958 |a UP 
968 |b POL  |d 821 
999 |c 1091201  |d 1093131 
952 |a SNK  |b SNK  |y PREZ  |7 0  |p 17A0690282  |o snkSC 144322  |i snk2011/4866  |8 0  |0 0  |1 0  |4 0  |d 2011-03-03  |l 0  |r 2025-07-11 00:00:00  |w 2026-02-24 
952 |a SNK  |b SNK  |y PREZ  |7 0  |p 17A0689988  |o snkSC 144322 D1  |i snk2011/4868  |8 0  |0 0  |1 0  |4 0  |d 2011-03-03  |f 1  |l 0  |r 2026-02-24 16:57:08  |w 2026-02-24